[Event "14PCR_F"]
[Site "?"]
[Date "2005.??.??"]
[Round "?"]
[White "Zahour, Jiri"]
[Black "Pecka, Josef"]
[Result "1/2-1/2"]
[WhiteElo "2303"]
[BlackElo "2309"]
[PlyCount "68"]
[EventDate "2005.??.??"]
[EventType "corr"]
[SourceDate "2006.01.10"]

1. e4 e5 2. Nf3 Nc6 3. d4 exd4 4. Nxd4 Bc5 5. Nxc6 Qf6 6. Qd2 dxc6 7. Nc3 Bd4
8. Bc4 Be6 9. Bxe6 fxe6 10. O-O O-O-O 11. Qe1 Qe5 12. Be3 Nf6 13. f3 Nd5 14.
Nxd5 cxd5 15. c3 Bxe3+ 16. Qxe3 d4 17. cxd4 Qxd4 18. Qxd4 Rxd4 19. Rad1 Rhd8
20. Rxd4 Rxd4 21. Rf2 Rd1+ 22. Rf1 Rxf1+ 23. Kxf1 e5 24. g3 Kd7 25. f4 a5 26.
b3 h5 27. Ke2 c6 28. Kd3 Ke6 29. Kc4 b6 30. Kd3 Kf6 31. a3 Ke6 32. Kc3 Kf6 33.
Kd3 Ke6 34. Ke2 Kf6 1/2-1/2

[Event "14PCR_F"]
[Site "?"]
[Date "2005.??.??"]
[Round "?"]
[White "Firla, Stanislav"]
[Black "Slavik, Miroslav"]
[Result "1-0"]
[WhiteElo "2326"]
[BlackElo "2198"]
[PlyCount "49"]
[EventDate "2005.??.??"]
[EventType "corr"]
[SourceDate "2006.01.10"]

1. e4 c6 2. d4 d5 3. Nc3 dxe4 4. Nxe4 Nd7 5. Ng5 Ngf6 6. Bd3 e6 7. N1f3 Bd6 8.
Qe2 h6 9. Ne4 Nxe4 10. Qxe4 Nf6 11. Qe2 b6 12. Bd2 Bd7 13. O-O Qc7 14. Ne5 c5
15. Nxd7 Nxd7 16. d5 Bxh2+ 17. Kh1 Be5 18. dxe6 fxe6 19. f4 Bxb2 20. Qxe6+ Kd8
21. Rad1 Rb8 22. Rfe1 Bd4 23. Ba6 Nf6 24. Bb5 a6 25. Bc6 1-0

[Event "14PCR_F"]
[Site "?"]
[Date "2005.??.??"]
[Round "?"]
[White "Zahour, Jiri"]
[Black "Houdek, Vladimir"]
[Result "1-0"]
[WhiteElo "2303"]
[BlackElo "2151"]
[PlyCount "43"]
[EventDate "2005.??.??"]
[EventType "corr"]
[SourceDate "2006.01.10"]

1. e4 e6 2. d4 d5 3. Nc3 Nf6 4. e5 Nfd7 5. f4 c5 6. Nf3 Nc6 7. Be3 cxd4 8. Nxd4
Bc5 9. Qd2 O-O 10. O-O-O a6 11. Qf2 Bxd4 12. Bxd4 b5 13. Be3 b4 14. Na4 Qa5 15.
c3 Rb8 16. Bd3 Qc7 17. Qh4 g6 18. Qh6 f5 19. g4 Re8 20. gxf5 exf5 21. Rhg1 Ne7
22. h4 1-0

[Event "14PCR_F"]
[Site "?"]
[Date "2005.??.??"]
[Round "?"]
[White "Kuchtova, Ruzena"]
[Black "Houdek, Vladimir"]
[Result "1/2-1/2"]
[WhiteElo "2216"]
[BlackElo "2151"]
[PlyCount "44"]
[EventDate "2005.??.??"]
[EventType "corr"]
[SourceDate "2006.01.10"]

1. d4 d5 2. c4 dxc4 3. Nf3 Nf6 4. e3 e6 5. Bxc4 c5 6. O-O a6 7. dxc5 Bxc5 8.
Qxd8+ Kxd8 9. Be2 Ke7 10. a3 b5 11. b4 Bd6 12. Bb2 Bb7 13. Rd1 Nbd7 14. Nbd2
Rhd8 15. Rac1 e5 16. Nh4 g6 17. f3 Rac8 18. e4 Bb8 19. Kf1 Nb6 20. Ke1 h5 21.
g3 Rxc1 22. Rxc1 Rc8 1/2-1/2

[Event "14PCR_F"]
[Site "?"]
[Date "2005.??.??"]
[Round "?"]
[White "Pytlik, Lesek"]
[Black "Bednarik, Radovan"]
[Result "1-0"]
[WhiteElo "2367"]
[BlackElo "2201"]
[PlyCount "79"]
[EventDate "2005.??.??"]
[EventType "corr"]
[SourceDate "2006.01.10"]

1. e4 e5 2. Nf3 d6 3. d4 Nf6 4. dxe5 Nxe4 5. Qd5 Nc5 6. Bg5 Be7 7. exd6 Qxd6 8.
Nc3 c6 9. Qxd6 Bxd6 10. O-O-O Bc7 11. Be3 Nba6 12. Be2 O-O 13. a3 Re8 14. Rhe1
Ne6 15. g3 Nf8 16. Nd2 Bd7 17. Nde4 b5 18. a4 b4 19. Bxa6 bxc3 20. Nxc3 Ba5 21.
f3 Reb8 22. Bd2 Rb6 23. Bd3 Be6 24. Ne4 Bxd2+ 25. Rxd2 Bd5 26. f4 Ne6 27. Nc3
Rb4 28. Nxd5 cxd5 29. Bb5 Nd4 30. Red1 Nxb5 31. Rxd5 Kf8 32. axb5 a6 33. bxa6
Rxa6 34. c3 Rb7 35. Rd7 Rbb6 36. b4 g6 37. Kb2 Re6 38. b5 Rab6 39. c4 Kg7 40.
Kc3 1-0

[Event "14PCR_F"]
[Site "?"]
[Date "2005.??.??"]
[Round "?"]
[White "Janecek, Josef"]
[Black "Koci, Vladimir"]
[Result "1-0"]
[WhiteElo "2227"]
[BlackElo "2229"]
[PlyCount "39"]
[EventDate "2005.??.??"]
[EventType "corr"]
[SourceDate "2006.01.10"]

1. e4 g6 2. d4 Bg7 3. Nc3 d6 4. Be3 Nf6 5. Qd2 Nc6 6. Nf3 Ng4 7. Bg5 Bd7 8. h3
h6 9. hxg4 hxg5 10. Rxh8+ Bxh8 11. Bc4 Na5 12. Be2 Bxg4 13. Nxg5 Bxe2 14. Kxe2
Nc6 15. Rh1 Bxd4 16. Qf4 Kd7 17. Qg4+ Ke8 18. Rh7 Qc8 19. Qh4 b6 20. Ke1 1-0

[Event "14PCR_F"]
[Site "?"]
[Date "2005.??.??"]
[Round "?"]
[White "Pytlik, Lesek"]
[Black "Houdek, Vladimir"]
[Result "1-0"]
[WhiteElo "2367"]
[BlackElo "2151"]
[PlyCount "67"]
[EventDate "2005.??.??"]
[EventType "corr"]
[SourceDate "2006.01.10"]

1. e4 e6 2. d4 d5 3. Nd2 c5 4. Ngf3 cxd4 5. Nxd4 Nf6 6. e5 Nfd7 7. N2f3 Nc6 8.
Nxc6 bxc6 9. Bd3 Ba6 10. O-O Bxd3 11. cxd3 Be7 12. Qa4 Qc7 13. Re1 Rb8 14. Qg4
g6 15. b3 h5 16. Qf4 h4 17. h3 Rh5 18. d4 a5 19. Be3 a4 20. Rab1 Qa7 21. Rec1
Qa6 22. Rc2 Qd3 23. Ne1 Qb5 24. Nf3 Rb6 25. Qg4 Kf8 26. b4 a3 27. Rc3 Qa6 28.
Ng5 Bxg5 29. Bxg5 Qa4 30. Rf3 Kg8 31. Qf4 Rh7 32. Be7 Rb8 33. Qc1 Qb5 34. Rxa3
1-0

[Event "14PCR_F"]
[Site "?"]
[Date "2005.??.??"]
[Round "?"]
[White "Bednarik, Radovan"]
[Black "Firla, Stanislav"]
[Result "0-1"]
[WhiteElo "2201"]
[BlackElo "2326"]
[PlyCount "54"]
[EventDate "2005.??.??"]
[EventType "corr"]
[SourceDate "2006.01.10"]

1. d4 f5 2. g3 Nf6 3. Bg2 d6 4. c4 g6 5. Nf3 Bg7 6. Nc3 O-O 7. O-O Qe8 8. d5
Na6 9. Nd4 Bd7 10. h3 Nc5 11. Be3 c6 12. Rc1 Nfe4 13. Nxe4 Nxe4 14. Qb3 c5 15.
Nb5 Qd8 16. Rb1 a6 17. Nc3 Nxc3 18. bxc3 b5 19. a4 bxa4 20. Qc2 Qa5 21. Bg5
Qxc3 22. Qxc3 Bxc3 23. Bxe7 Rfb8 24. Rxb8+ Rxb8 25. Bxd6 Rc8 26. e3 a3 27. f4
a2 0-1

[Event "14PCR_F"]
[Site "?"]
[Date "2005.??.??"]
[Round "?"]
[White "Pecka, Josef"]
[Black "Bednarik, Radovan"]
[Result "1-0"]
[WhiteElo "2309"]
[BlackElo "2201"]
[PlyCount "93"]
[EventDate "2005.??.??"]
[EventType "corr"]
[SourceDate "2006.01.10"]

1. e4 e5 2. f4 exf4 3. Bc4 d5 4. Bxd5 Nf6 5. Nc3 Bb4 6. Nf3 O-O 7. O-O Re8 8.
Bc4 Bg4 9. d3 Nh5 10. h3 Be6 11. Bxe6 fxe6 12. Ne2 e5 13. c3 Bc5+ 14. d4 exd4
15. cxd4 Bb6 16. g4 Ng3 17. Nxg3 fxg3 18. Kg2 Kh8 19. Qb3 h6 20. Qc4 Na6 21. e5
Qd7 22. g5 h5 23. Be3 Rad8 24. g6 Qd5 25. Qxd5 Rxd5 26. a3 Nb8 27. Kxg3 Nc6 28.
Kh4 Nxd4 29. Bxd4 Bxd4 30. Rad1 c5 31. Kxh5 Rdd8 32. Rd2 Rf8 33. Kg4 Rde8 34.
Re2 Kg8 35. h4 b6 36. h5 Re7 37. Rd1 Rd8 38. b4 Ree8 39. Kf5 Re7 40. Rd3 Kf8
41. Re4 Rd5 42. Nxd4 cxd4 43. h6 gxh6 44. Kf6 Rd8 45. e6 Rc8 46. Rdxd4 Ree8 47.
Rc4 1-0

[Event "14PCR_F"]
[Site "?"]
[Date "2005.??.??"]
[Round "?"]
[White "Houdek, Vladimir"]
[Black "Mudra, Oldrich"]
[Result "1/2-1/2"]
[WhiteElo "2151"]
[BlackElo "2097"]
[PlyCount "57"]
[EventDate "2005.??.??"]
[EventType "corr"]
[SourceDate "2006.01.10"]

1. Nf3 Nf6 2. c4 e6 3. d4 d5 4. Nc3 c6 5. e3 Nbd7 6. Qc2 Bd6 7. Bd3 O-O 8. O-O
dxc4 9. Bxc4 e5 10. Bb3 Qc7 11. h3 b5 12. a3 a5 13. Bd2 a4 14. Ba2 Qb6 15. Rad1
Bb7 16. Ng5 exd4 17. exd4 c5 18. dxc5 Bxc5 19. Nd5 Bxd5 20. Bxd5 Rac8 21. Bc3
h6 22. Ne4 Bd4 23. Nxf6+ Bxf6 24. Rfe1 Bxc3 25. bxc3 Qc5 26. Re3 Nb6 27. Qa2
Rc7 28. Rf3 Qe7 29. Re3 1/2-1/2

[Event "14PCR_F"]
[Site "?"]
[Date "2005.??.??"]
[Round "?"]
[White "Pecka, Josef"]
[Black "Hladecek, Miloslav"]
[Result "1/2-1/2"]
[WhiteElo "2309"]
[BlackElo "2306"]
[PlyCount "55"]
[EventDate "2005.??.??"]
[EventType "corr"]
[SourceDate "2006.01.10"]

1. e4 e6 2. d4 d5 3. Nc3 Nf6 4. Bg5 dxe4 5. Nxe4 Nbd7 6. Nxf6+ Nxf6 7. Nf3 h6
8. Bh4 Qd5 9. Bd3 g5 10. Bg3 g4 11. Be5 Be7 12. c4 Qc6 13. Nh4 Rg8 14. Qe2 Nd7
15. Bg3 Qb6 16. O-O-O Nf6 17. f4 Bd7 18. f5 Nh5 19. c5 Qc6 20. Be4 Nxg3 21.
hxg3 Qb5 22. Qxb5 Bxb5 23. Bxb7 Rd8 24. Rhe1 c6 25. d5 Rxd5 26. Rxd5 cxd5 27.
Bxd5 Kd8 28. fxe6 1/2-1/2

[Event "14PCR_F"]
[Site "?"]
[Date "2005.??.??"]
[Round "?"]
[White "Pecka, Josef"]
[Black "Houdek, Vladimir"]
[Result "1/2-1/2"]
[WhiteElo "2309"]
[BlackElo "2151"]
[PlyCount "58"]
[EventDate "2005.??.??"]
[EventType "corr"]
[SourceDate "2006.01.10"]

1. e4 e6 2. d4 d5 3. Nc3 Nf6 4. Bg5 dxe4 5. Nxe4 Be7 6. Bxf6 Bxf6 7. Nf3 O-O 8.
Qd2 Nd7 9. O-O-O b6 10. Bc4 Bb7 11. Rhe1 Bxe4 12. Rxe4 c6 13. g4 Be7 14. g5 b5
15. Bd3 Nb6 16. Kb1 a5 17. Rg4 Bd6 18. Ne5 Qc7 19. Qe3 g6 20. f4 c5 21. Rh4
Bxe5 22. fxe5 cxd4 23. Rxd4 b4 24. Rd6 Nd5 25. Qf3 Rad8 26. Be4 Rxd6 27. exd6
Qxd6 28. Bxd5 exd5 29. Qxd5 Qxh2 1/2-1/2

[Event "14PCR_F"]
[Site "?"]
[Date "2005.??.??"]
[Round "?"]
[White "Pecka, Josef"]
[Black "Koci, Vladimir"]
[Result "1-0"]
[WhiteElo "2309"]
[BlackElo "2292"]
[PlyCount "61"]
[EventDate "2005.??.??"]
[EventType "corr"]
[SourceDate "2006.01.10"]

1. e4 g6 2. f4 Bg7 3. Nc3 c5 4. Nf3 d6 5. Bc4 Nf6 6. e5 dxe5 7. fxe5 Ng4 8. e6
f5 9. d3 Nc6 10. Ng5 O-O 11. Nf7 Qa5 12. Bd2 Qb6 13. Nd5 Qxb2 14. Rb1 Qd4 15.
Qe2 Nf6 16. c3 Qh4+ 17. g3 Qh5 18. Nxf6+ Bxf6 19. Qxh5 gxh5 20. O-O Ne5 21.
Nh6+ Kh8 22. Bd5 a5 23. Rxf5 Nxd3 24. Be3 h4 25. g4 Kg7 26. Rd1 Nb2 27. Rdf1
Ra6 28. g5 Bxe6 29. gxf6+ Rxf6 30. Rg5+ Rg6 31. Rxg6+ 1-0

[Event "14PCR_F"]
[Site "?"]
[Date "2005.??.??"]
[Round "?"]
[White "Firla, Stanislav"]
[Black "Pecka, Josef"]
[Result "1-0"]
[WhiteElo "2326"]
[BlackElo "2309"]
[PlyCount "79"]
[EventDate "2005.??.??"]
[EventType "corr"]
[SourceDate "2006.01.10"]

1. e4 e6 2. d4 d5 3. Nc3 Nf6 4. e5 Nfd7 5. Nf3 c5 6. dxc5 Nc6 7. Bf4 Bxc5 8.
Bd3 f6 9. exf6 Qxf6 10. Bg3 O-O 11. O-O Nd4 12. Nxd4 Bxd4 13. Qe2 Nc5 14. Nb5
Bxb2 15. Rab1 Bd7 16. Nc7 Rac8 17. Bd6 Bd4 18. Bxf8 Rxf8 19. Nb5 Bxb5 20. Rxb5
a6 21. Rbb1 b5 22. Qd2 Qf4 23. Qxf4 Rxf4 24. g3 Rf7 25. Kg2 Rc7 26. Rbd1 e5 27.
f4 Nxd3 28. cxd3 Rc2+ 29. Kh3 Rxa2 30. fxe5 Bxe5 31. Rf5 Bc3 32. Rxd5 b4 33. d4
a5 34. Rc5 h5 35. d5 Bf6 36. d6 g5 37. g4 Ra3+ 38. Kg2 Ra2+ 39. Kf3 b3 40. d7
1-0

[Event "14PCR_F"]
[Site "?"]
[Date "2005.??.??"]
[Round "?"]
[White "Pytlik, Lesek"]
[Black "Firla, Stanislav"]
[Result "1-0"]
[WhiteElo "2367"]
[BlackElo "2326"]
[PlyCount "87"]
[EventDate "2005.??.??"]
[EventType "corr"]
[SourceDate "2006.01.10"]

1. e4 e5 2. Nf3 Nc6 3. Bb5 f5 4. Nc3 Nf6 5. exf5 e4 6. Ng5 d5 7. d3 exd3 8.
Bxd3 Bb4 9. Qe2+ Qe7 10. O-O O-O 11. Qxe7 Nxe7 12. Ne6 Bxe6 13. fxe6 c5 14. Bd2
c4 15. Be2 Nc6 16. Rad1 Nd4 17. Bf3 Rfe8 18. Nb5 Nxf3+ 19. gxf3 Bxd2 20. Rxd2
Re7 21. h4 a6 22. Nd4 Nh5 23. Re2 Nf4 24. Re5 Rf8 25. Rfe1 g6 26. Kh2 Rf6 27.
R1e3 Kf8 28. c3 Nd3 29. Rxd5 Nxb2 30. Re1 Nd3 31. Rb1 b5 32. Rd6 Nc5 33. Re1
Nd3 34. Re3 Nxf2 35. Nc6 Re8 36. e7+ Kf7 37. Nd8+ Kg7 38. Ne6+ Rxe6 39. Rexe6
Nd3 40. Rd8 Kf7 41. Rxa6 Rxe7 42. Rb8 b4 43. cxb4 Rc7 44. Raa8 1-0

[Event "14PCR_F"]
[Site "?"]
[Date "2005.??.??"]
[Round "?"]
[White "Houdek, Vladimir"]
[Black "Firla, Stanislav"]
[Result "0-1"]
[WhiteElo "2151"]
[BlackElo "2326"]
[PlyCount "62"]
[EventDate "2005.??.??"]
[EventType "corr"]
[SourceDate "2006.01.10"]

1. Nf3 c5 2. c4 Nf6 3. Nc3 e6 4. g3 b6 5. Bg2 Bb7 6. O-O a6 7. Re1 Be7 8. e4 d6
9. d4 cxd4 10. Nxd4 Qc8 11. Be3 O-O 12. Rc1 Nbd7 13. f4 Nc5 14. Bf2 Rd8 15. b4
Ncd7 16. f5 e5 17. Nd5 Re8 18. Nf3 Qd8 19. h3 a5 20. a3 b5 21. cxb5 Nxd5 22.
exd5 axb4 23. axb4 Nf6 24. Rc6 Qb8 25. Qe2 Ra4 26. Rb1 Bxc6 27. dxc6 Bd8 28.
Ng5 d5 29. Qc2 Ra3 30. Qb2 Ra8 31. Qb3 e4 0-1

[Event "14PCR_F"]
[Site "?"]
[Date "2005.??.??"]
[Round "?"]
[White "Nosek, Jaroslav"]
[Black "Pytlik, Lesek"]
[Result "1/2-1/2"]
[WhiteElo "2284"]
[BlackElo "2367"]
[PlyCount "75"]
[EventDate "2005.??.??"]
[EventType "corr"]
[SourceDate "2006.01.10"]

1. d4 Nf6 2. c4 g6 3. Nc3 d5 4. cxd5 Nxd5 5. e4 Nxc3 6. bxc3 Bg7 7. Nf3 c5 8.
Rb1 O-O 9. Be2 Qa5 10. O-O cxd4 11. cxd4 Qxa2 12. Bd2 Qe6 13. Qc2 Qd6 14. Bb4
Qd8 15. d5 Nd7 16. Rfd1 a5 17. Ba3 b6 18. Nd4 Bxd4 19. Rxd4 Nc5 20. Bxc5 bxc5
21. Qxc5 Qd6 22. Qxd6 exd6 23. Rb6 Rd8 24. Bb5 Bd7 25. Bxd7 Rxd7 26. Ra4 f5 27.
exf5 gxf5 28. Kf1 Kf7 29. Ke2 Kf6 30. g3 Ke5 31. Rb5 f4 32. gxf4+ Kf5 33. Rb6
Rc8 34. Rc6 Rb8 35. Rxa5 Rb2+ 36. Kf3 Rb3+ 37. Kg2 Kxf4 38. Rc4+ 1/2-1/2

[Event "14PCR_F"]
[Site "?"]
[Date "2005.??.??"]
[Round "?"]
[White "Pecka, Josef"]
[Black "Pytlik, Lesek"]
[Result "1/2-1/2"]
[WhiteElo "2309"]
[BlackElo "2367"]
[PlyCount "81"]
[EventDate "2005.??.??"]
[EventType "corr"]
[SourceDate "2006.01.10"]

1. e4 e6 2. d4 d5 3. Nc3 Bb4 4. e5 c5 5. a3 Ba5 6. b4 cxd4 7. Qg4 Ne7 8. bxa5
dxc3 9. Qxg7 Rg8 10. Qxh7 Nbc6 11. f4 Qxa5 12. Nf3 Bd7 13. Rb1 O-O-O 14. Qd3 a6
15. Rb3 d4 16. Nxd4 Nxd4 17. Qxd4 Nd5 18. Qc4+ Bc6 19. h4 Qc7 20. Qd4 Rg4 21.
Qf2 f6 22. Qf3 Rdg8 23. exf6 Qf7 24. h5 Qxf6 25. Rh3 Rh4 26. Rxc3 Nxc3 27. Qxc3
Qxc3+ 28. Rxc3 Rxh5 29. Kf2 Kd7 30. Bb2 Be4 31. Re3 Bxc2 32. Be2 Rh2 33. Bf3
Ba4 34. Kg1 Rh6 35. Rd3+ Kc8 36. g4 Bc6 37. Bxc6 bxc6 38. g5 Rh4 39. Be5 Rd8
40. Rc3 Kb7 41. Kf2 1/2-1/2

[Event "14PCR_F"]
[Site "?"]
[Date "2005.??.??"]
[Round "?"]
[White "Pytlik, Lesek"]
[Black "Janecek, Josef"]
[Result "1/2-1/2"]
[WhiteElo "2367"]
[BlackElo "2227"]
[PlyCount "63"]
[EventDate "2005.??.??"]
[EventType "corr"]
[SourceDate "2006.01.10"]

1. e4 c5 2. Nf3 Nc6 3. Bb5 g6 4. Bxc6 dxc6 5. d3 Bg7 6. h3 Nf6 7. Nc3 Nd7 8.
Be3 e5 9. Qd2 Qe7 10. Bh6 Bxh6 11. Qxh6 f6 12. Nd2 Nf8 13. f4 exf4 14. Qxf4 Ne6
15. Qh4 Nd4 16. O-O-O Be6 17. Rde1 Rf8 18. Nd5 cxd5 19. exd5 f5 20. Qf2 O-O-O
21. dxe6 Rf6 22. Kb1 Re8 23. Nc4 Rxe6 24. Rxe6 Nxe6 25. Re1 Kb8 26. Qf3 Qd7 27.
c3 Nc7 28. Rxe8+ Nxe8 29. Qe3 b6 30. b3 Nc7 31. Kc2 Qc6 32. Qe2 1/2-1/2

[Event "14PCR_F"]
[Site "?"]
[Date "2005.??.??"]
[Round "?"]
[White "Nosek, Jaroslav"]
[Black "Zahour, Jiri"]
[Result "1/2-1/2"]
[WhiteElo "2284"]
[BlackElo "2303"]
[PlyCount "89"]
[EventDate "2005.??.??"]
[EventType "corr"]
[SourceDate "2006.01.10"]

1. e4 Nf6 2. e5 Nd5 3. d4 d6 4. Nf3 g6 5. Bc4 Nb6 6. Bb3 Nc6 7. exd6 Qxd6 8. c4
Qe6+ 9. Kf1 Na5 10. d5 Qd7 11. Qd4 Rg8 12. Nc3 Bg7 13. Qc5 Nxb3 14. axb3 Qd6
15. Qxd6 exd6 16. Nb5 Kd7 17. Rxa7 Rxa7 18. Nxa7 c6 19. Be3 Na8 20. Ke2 cxd5
21. Rd1 Nc7 22. Bb6 dxc4 23. bxc4 Bxb2 24. Ng5 Re8+ 25. Kf1 f6 26. Bc5 Na6 27.
Bxd6 fxg5 28. Ba3+ Kc7 29. Nb5+ Kb6 30. Bxb2 Be6 31. Nd6 Rd8 32. Rd4 Rd7 33.
Ne4 Rxd4 34. Bxd4+ Kc6 35. Nd2 Nc5 36. Ke1 g4 37. f3 Nd3+ 38. Ke2 Nf4+ 39. Kf2
Bxc4 40. Nxc4 Kd5 41. Na5 Kxd4 42. Nxb7 Nd3+ 43. Kg3 gxf3 44. Kxf3 Ke5 45. Kg4
1/2-1/2

[Event "14PCR_F"]
[Site "?"]
[Date "2005.??.??"]
[Round "?"]
[White "Slavik, Miroslav"]
[Black "Nosek, Jaroslav"]
[Result "1/2-1/2"]
[WhiteElo "2198"]
[BlackElo "2284"]
[PlyCount "54"]
[EventDate "2005.??.??"]
[EventType "corr"]
[SourceDate "2006.01.10"]

1. d4 Nf6 2. c4 e6 3. Nc3 Bb4 4. Qc2 O-O 5. a3 Bxc3+ 6. Qxc3 b6 7. Nf3 Bb7 8.
e3 d6 9. Be2 Nbd7 10. O-O Ne4 11. Qc2 f5 12. Ne1 Qh4 13. f3 Ng5 14. b3 Rf6 15.
g3 Qh5 16. b4 a5 17. Bb2 Nh3+ 18. Kh1 Rh6 19. b5 f4 20. exf4 Nxf4 21. Bd1 Nh3
22. Qg2 Rf8 23. Bc1 Rg6 24. Be3 Nf4 25. Qd2 Nh3 26. Qg2 Nf4 27. Qd2 Nh3 1/2-1/2

[Event "14PCR_F"]
[Site "?"]
[Date "2005.??.??"]
[Round "?"]
[White "Koci, Vladimir"]
[Black "Hladecek, Miloslav"]
[Result "0-1"]
[WhiteElo "2292"]
[BlackElo "2306"]
[PlyCount "50"]
[EventDate "2005.??.??"]
[EventType "corr"]
[SourceDate "2006.01.10"]

1. d4 d5 2. Nf3 Nf6 3. Bf4 e6 4. e3 Bd6 5. Ne5 O-O 6. Bd3 c5 7. c3 Qb6 8. Qc2
Qc7 9. Nd2 c4 10. Be2 Nc6 11. Ndf3 Ne7 12. g4 Ne4 13. g5 b5 14. h4 Nf5 15. Bh2
b4 16. Nd2 bxc3 17. bxc3 Nxd2 18. Kxd2 f6 19. gxf6 gxf6 20. Nf3 Kh8 21. Bxd6
Nxd6 22. h5 Rb8 23. Rab1 Ne4+ 24. Kc1 Bd7 25. Rb4 Rfc8 0-1

[Event "14PCR_F"]
[Site "?"]
[Date "2005.??.??"]
[Round "?"]
[White "Hladecek, Miloslav"]
[Black "Mudra, Oldrich"]
[Result "1-0"]
[WhiteElo "2306"]
[BlackElo "2097"]
[PlyCount "61"]
[EventDate "2005.??.??"]
[EventType "corr"]
[SourceDate "2006.01.10"]

1. e4 c6 2. d4 d5 3. e5 Bf5 4. Nf3 e6 5. Nbd2 Nd7 6. Nb3 Qc7 7. Nh4 Be4 8. f3
Bg6 9. Nxg6 hxg6 10. f4 Be7 11. Qf3 Nh6 12. Bd2 b6 13. Bd3 Bh4+ 14. g3 Be7 15.
h4 Nf5 16. h5 Rxh5 17. Rxh5 gxh5 18. Qxh5 Nxg3 19. Qh8+ Nf8 20. Qxg7 Nf5 21.
Qh8 a5 22. a4 Qc8 23. O-O-O b5 24. Bxf5 bxa4 25. Nc5 Bxc5 26. dxc5 exf5 27. e6
fxe6 28. Qh5+ Ke7 29. Rg1 Qe8 30. Qh6 Kd8 31. Rg8 1-0

[Event "14PCR_F"]
[Site "?"]
[Date "2005.??.??"]
[Round "?"]
[White "Kuchtova, Ruzena"]
[Black "Zahour, Jiri"]
[Result "1/2-1/2"]
[WhiteElo "2216"]
[BlackElo "2303"]
[PlyCount "86"]
[EventDate "2005.??.??"]
[EventType "corr"]
[SourceDate "2006.01.10"]

1. d4 d5 2. Nf3 Nf6 3. c4 g6 4. Nc3 Bg7 5. Qb3 dxc4 6. Qxc4 O-O 7. e4 Bg4 8.
Ne5 Nc6 9. Nxc6 bxc6 10. Be3 Rb8 11. b3 e5 12. dxe5 Be6 13. Qe2 Ng4 14. f4 Qe7
15. Rc1 Rbd8 16. Bxa7 Qa3 17. Be3 f6 18. Nb1 Qa5+ 19. Bd2 Qxa2 20. h3 Nh6 21.
f5 gxf5 22. Bxh6 Qxe2+ 23. Bxe2 Bxh6 24. Rxc6 Bxb3 25. e6 Rb8 26. Nc3 fxe4 27.
Bh5 Rfc8 28. Rf1 Rb6 29. Rxb6 cxb6 30. e7 Bf7 31. Rxf6 Bxh5 32. Rxh6 Bg6 33.
Nd5 Kg7 34. Rh4 Kf7 35. Kd2 b5 36. Nf4 Kxe7 37. Nxg6+ hxg6 38. Rxe4+ Kf6 39.
Kd3 Rd8+ 40. Kc3 Rd5 41. Re2 Re5 42. Rf2+ Kg5 43. Kb4 Kh4 1/2-1/2

[Event "14PCR_F"]
[Site "?"]
[Date "2005.??.??"]
[Round "?"]
[White "Koci, Vladimir"]
[Black "Nosek, Jaroslav"]
[Result "1-0"]
[WhiteElo "2292"]
[BlackElo "2284"]
[PlyCount "69"]
[EventDate "2005.??.??"]
[EventType "corr"]
[SourceDate "2006.01.10"]

1. d4 Nf6 2. Nf3 e6 3. Bf4 b6 4. e3 Bb7 5. Nbd2 Be7 6. h3 O-O 7. Bd3 d5 8. Ne5
Nbd7 9. Qf3 c5 10. c3 Nxe5 11. dxe5 Nd7 12. Qg4 Re8 13. h4 c4 14. Bc2 b5 15. h5
Kh8 16. Nf3 h6 17. Nd4 b4 18. Bxh6 gxh6 19. Nxe6 fxe6 20. Qg6 Nf8 21. Qxh6+ Kg8
22. Rh3 Bh4 23. O-O-O Re7 24. Rxh4 Rg7 25. Rdd4 Qg5 26. Qxg5 Rxg5 27. Rdg4 Rxg4
28. Rxg4+ Kh8 29. cxb4 Bc6 30. a4 a6 31. Kd2 Rb8 32. Kc3 Be8 33. f4 Nd7 34. a5
Rd8 35. Bg6 1-0

[Event "14PCR_F"]
[Site "?"]
[Date "2005.??.??"]
[Round "?"]
[White "Firla, Stanislav"]
[Black "Kuchtova, Ruzena"]
[Result "1-0"]
[WhiteElo "2326"]
[BlackElo "2216"]
[PlyCount "83"]
[EventDate "2005.??.??"]
[EventType "corr"]
[SourceDate "2006.01.10"]

1. c4 Nf6 2. Nc3 e5 3. Nf3 Nc6 4. g3 Bb4 5. Bg2 O-O 6. O-O e4 7. Ne1 Bxc3 8.
bxc3 Re8 9. f3 d5 10. cxd5 Nxd5 11. Bb2 e3 12. d3 Qf6 13. Qb3 Nb6 14. Nc2 a5
15. c4 Qh6 16. Rab1 a4 17. Qc3 a3 18. Bc1 Na4 19. Qe1 Qf6 20. Bxe3 Nc3 21. Rb3
Nxa2 22. Bc5 Bd7 23. f4 Nd8 24. Ne3 Ne6 25. Nd5 Qd8 26. Bf2 c5 27. Qa1 Nb4 28.
Rxa3 Rxa3 29. Qxa3 Bc6 30. Qb3 Nc7 31. e4 Nba6 32. Qa3 Ne6 33. f5 Nd4 34. Bxd4
cxd4 35. f6 Bxd5 36. exd5 Qb6 37. Qc1 h6 38. fxg7 Re3 39. Qd1 Qg6 40. Be4 Qxg7
41. d6 Nb4 42. Bd5 1-0

[Event "14PCR_F"]
[Site "?"]
[Date "2005.??.??"]
[Round "?"]
[White "Slavik, Miroslav"]
[Black "Houdek, Vladimir"]
[Result "1-0"]
[WhiteElo "2198"]
[BlackElo "2151"]
[PlyCount "73"]
[EventDate "2005.??.??"]
[EventType "corr"]
[SourceDate "2006.01.10"]

1. c4 e5 2. Nc3 Nf6 3. g3 d5 4. cxd5 Nxd5 5. Bg2 Nb6 6. Nf3 Nc6 7. O-O Be7 8.
d3 O-O 9. a3 Be6 10. Be3 f5 11. Rc1 a5 12. Bxb6 cxb6 13. e3 Bf6 14. Re1 a4 15.
Qe2 Qd7 16. Nd2 Rad8 17. Nc4 Qxd3 18. Nxb6 Qxe2 19. Rxe2 e4 20. Ncxa4 Na5 21.
Ree1 Nb3 22. Rcd1 Rfe8 23. Kh1 Kf7 24. Bf1 Rh8 25. Bb5 g5 26. Nd7 Bg7 27. Rd6
Rc8 28. Ndb6 Rc2 29. Bd7 Bxd7 30. Rxd7+ Kg6 31. Red1 Rf8 32. Rxb7 Na5 33. Rbd7
Rxf2 34. b4 Nb3 35. Nc4 h5 36. b5 Bf6 37. b6 1-0

[Event "14PCR_F"]
[Site "?"]
[Date "2005.??.??"]
[Round "?"]
[White "Pecka, Josef"]
[Black "Janecek, Josef"]
[Result "1/2-1/2"]
[WhiteElo "2309"]
[BlackElo "2227"]
[PlyCount "97"]
[EventDate "2005.??.??"]
[EventType "corr"]
[SourceDate "2006.01.10"]

1. e4 c5 2. Nf3 Nc6 3. d4 cxd4 4. Nxd4 Nf6 5. Nc3 e5 6. Ndb5 d6 7. Nd5 Nxd5 8.
exd5 Nb8 9. Qf3 a6 10. Qa3 b6 11. Bg5 f6 12. Be3 Be7 13. Be2 O-O 14. O-O-O Bb7
15. Nc3 f5 16. f4 Nd7 17. Rhf1 b5 18. g4 exf4 19. Bxf4 Qb6 20. Qb4 Qc5 21. Qb3
Bf6 22. gxf5 Rae8 23. Bd3 Be5 24. Bg3 Nf6 25. a3 Bxg3 26. hxg3 Re3 27. Rg1 Ng4
28. Ne4 Qxd5 29. Qxd5+ Bxd5 30. Rge1 Bc6 31. Nxd6 Rxg3 32. Be2 Rg2 33. Rd4 Nh6
34. Bd3 Rg4 35. Rxg4 Nxg4 36. c4 Nf2 37. Be2 Ne4 38. Nxe4 Bxe4 39. cxb5 axb5
40. Bxb5 Rc8+ 41. Kd2 Bxf5 42. Ke3 g5 43. Rg1 h6 44. a4 Rc2 45. Rf1 Bg6 46. Rf6
Bf7 47. Rf2 Rxf2 48. Kxf2 Kf8 49. a5 1/2-1/2

[Event "14PCR_F"]
[Site "?"]
[Date "2005.??.??"]
[Round "?"]
[White "Houdek, Vladimir"]
[Black "Hladecek, Miloslav"]
[Result "0-1"]
[WhiteElo "2151"]
[BlackElo "2306"]
[PlyCount "82"]
[EventDate "2005.??.??"]
[EventType "corr"]
[SourceDate "2006.01.10"]

1. Nf3 Nf6 2. c4 e6 3. Nc3 d5 4. d4 Nbd7 5. cxd5 exd5 6. Bf4 c6 7. Qc2 Be7 8.
h3 O-O 9. e3 Ne4 10. Bd3 Ndf6 11. O-O Re8 12. Ne5 Bd6 13. a4 Nxc3 14. bxc3 c5
15. Qb1 Qc7 16. f3 g6 17. a5 Nh5 18. Bh2 f6 19. Bxg6 hxg6 20. Qxg6+ Ng7 21.
Qxf6 Bf5 22. Bf4 Re6 23. Qh4 Rf8 24. Rfd1 Bc2 25. Rdc1 Bh7 26. Rd1 Be7 27. Qg3
Bd6 28. Re1 Kh8 29. Qg4 Re7 30. Qh4 Nf5 31. Qh5 Rg7 32. g4 cxd4 33. cxd4 Nxd4
34. exd4 Rxf4 35. Rac1 Qd8 36. Re2 Rf8 37. a6 Qf6 38. axb7 Rxb7 39. Rc6 Kg8 40.
Kg2 Bb1 41. h4 a5 0-1